00502nam a2200193 a 4500001001300000003000900013005001700022008004100039020001000080082001700090100002000107245003300127260003300160300000900193500003500202505003100237650002000268700002000288nice12345678IN_TiNIC20260116013344.0050524s1998 dela grp 000 0 eng  ac26000a297.61bAZI1 aAzimabadi, Badr aGreat Personalities in Islam aDelhibAdam Publishersc1998 a595p aincludes index and biblioraphy2 aNotes, Bibliography, Index aScholars-Muslim1 aAzimabadi, Badr